000
00306nam a22001457a 4500
003
SGT
082
_a
330.954,MYN
100
_a
MYNENI,S.R
245
_a
INDIAN ECONOMICS
250
_a
5TH
260
_a
FARIDABAD
_b
ALLAHABAD LAW AGENCY
_c
2013
300
_a
2013
650
_a
ECONOMICS
942
_2
ddc
_c
BK
_0
3
999
_c
9569
_d
9569